| 000 | 00540nam a2200205 4500 | ||
|---|---|---|---|
| 001 | 689 | ||
| 005 | 20181127161839.0 | ||
| 010 | 0 | 0 | _a |
| 020 | 0 | 0 | _a9380297025 |
| 090 | 0 | 0 | _a382.710954 H9721s 2009 |
| 100 | 0 | 0 | _aHussain, Yasir. |
| 245 | 0 | 0 |
_aSAFTA: Potential and challenges / _b _cYasir Hussain. _h |
| 250 | 0 | 0 | _a |
| 260 | 0 | 0 |
_aNew Delhi : _bEpitome Books, _c2009. |
| 300 | 0 | 0 | _axii, 180 p. |
| 500 | 0 | 0 | _a |
| 650 | 0 | 0 |
_aFree trade --South Asia. _x |
| 650 | 0 | 0 |
_aSouth Asia --Economic integration. _x |
| 650 | 0 | 0 |
_aTrade blocs --South Asia. _x |
| 999 |
_c500 _d500 |
||